000 01125nam a2200253 a 4500
999 _c346890
_d346890
003 BLK
005 20250226145050.0
008 191205b bu ||||| |||| 00| 0 bu d
020 _a9786191710782
040 _aBLK
041 _aBUL
_cBUL
080 _aАмериканска литература (на САЩ)
_b821.111(73)
_x-312.9
_z821.111(73)-312.9
100 _9350684
_aАрден, Катрин
_eпърви автор
139 _aАрден, Катрин
_bА 82
245 _aЗимата на вещицата
_bРоман
_cКатрин Арден ; прев. от англ. Ангел Ангелов
260 _9218251
_aСофия
_bOrange Books
_c2019
_f([София] : Pulsio Print)
_n978-619-171-
300 _a454 с.
_c24 см
380 _aX
500 _aОриг. загл.: The winter of the witch / Katherine Arden. - За авторката: с. 453. - Кн. 3 от трилогията Winternight
700 _aАнгелов, Ангел Пенчев
_d1968-
_9379977
852 _bП
_cП 820(73)-31/А 82
942 _2udc
_cKNG
_n0
_s1
_012
944 _k30531
_lЦветелина Шанова